000 00609nam a2200193Ia 4500
005 20250508163547.0
008 008 250505s9999 xx 000 0 eng d
020 _a0-304-33497-9; 0-304-32889-8; 0-304-32896-0; 0-304-32888-X; 0-304-32894-4
037 _aTextual
040 _aFEDL
_beng
_cFEDL
041 _aeng
_2eng
084 _a302.222, AGR
_qFEDL
100 _aAgrawal Padma
_9775646
245 0 _aSymbolism: A psychological study
260 _aUttar Pradesh, India
_bManovigyan Prakashan
_c1955
300 _avii,344p
942 _cTEXL
_h302.222, AGR
999 _c1384089
_d1384089